Brick and reinforced structures (Record no. 9787)
[ view plain ]
| 000 -LEADER | |
|---|---|
| fixed length control field | 00276nam a2200121Ia 4500 |
| 003 - CONTROL NUMBER IDENTIFIER | |
| control field | OSt |
| 005 - DATE AND TIME OF LATEST TRANSACTION | |
| control field | 20220303104804.0 |
| 008 - FIXED-LENGTH DATA ELEMENTS--GENERAL INFORMATION | |
| fixed length control field | 220112s9999||||xx |||||||||||||| ||und|| |
| 020 ## - INTERNATIONAL STANDARD BOOK NUMBER | |
| International Standard Book Number | 9789386479792 |
| 100 ## - MAIN ENTRY--PERSONAL NAME | |
| Personal name | Dayaratnam |
| 245 #0 - TITLE STATEMENT | |
| Title | Brick and reinforced structures |
| 942 ## - ADDED ENTRY ELEMENTS (KOHA) | |
| Source of classification or shelving scheme | |
| Withdrawn status | Lost status | Source of classification or shelving scheme | Damaged status | Koha normalized classification for sorting | Not for loan | Permanent location | Current location | Date acquired | Source of acquisition | Cost, normal purchase price | Full call number | Barcode | Date last seen | Cost, replacement price | Price effective from | Koha item type |
|---|---|---|---|---|---|---|---|---|---|---|---|---|---|---|---|---|
| 625_750000000000000 | BMS College of Architecture, Design and Planning | BMS College of Architecture, Design and Planning | 2022-03-03 | 4 | 395.00 | 625.75 | AR-UG2371 | 2022-03-03 | 395.00 | 2022-03-03 | UG Books |